000 00780cam a2200277 a 4500
001 2437464
003 OSt
005 20241114110830.0
008 880728s1989 mdua 001 0 eng c
010 _a 88020811
020 _a0683073680
040 _aDNLM/DLC
_cDLC
_dDLC
050 0 0 _aQM551
_b.R67 1989
060 _aQS 517 R825h
082 0 0 _aQS 516 R71h 1989
_219
100 1 _aRoss, Michael H. [et...al]
_9943
245 1 0 _aHistology :
_ba text and atlas
250 _a2nd ed.
260 _aBaltimore :
_bWilliams & Wilkins,
_cc1989.
300 _axx, 783 p. :
_bill. (some col.) ;
_c29 cm.
500 _aIncludes index.
650 0 _aHistology.
_9194
650 0 _aHistology
_xAtlases.
_91287
906 _a7
_bcbc
_corignew
_d1
_eocip
_f19
_gy-gencatlg
942 _2z
_cSLOAN
999 _c486
_d486